LEADER 01337nam0-2200385---450- 001 990009833120403321 005 20140306092432.0 035 $a000983312 035 $aFED01000983312 035 $a(Aleph)000983312FED01 035 $a000983312 100 $a20140306d1932----km-y0itay50------ba 101 0 $aita 102 $aIT 105 $ab-------001yy 200 1 $aAtlante linguistico etnografico italiano della Corsica$epromosso dalla R. Università di Cagliari$fGino Bottiglioni$gdisegni di Guido Colucci 210 $aPisa$cL'Italia dialettale$d1932 215 $a[7] p., [4] c. di tav. ripieg$cill.$d30 cm 300 $aEstratto da: L'Italia Dialettale. Supp. 1., serie 2. 422 0$1001000982964 610 0 $aDialetti corsi 676 $a457.003 700 1$aBottiglioni,$bGino$f<1887-1963>$0164761 701 1$aColucci,$bGuido$0298901 712 01$aRegia Università degli Studi, Cagliari 801 0$aIT$bUNINA$gRICA$2UNIMARC 901 $aBK 912 $a990009833120403321 952 $a457.003 BOT 1 (suppl.1)$bs.i.$fFLFBC 952 $a457.003 BOT 1 (suppl.2)$bs.i.$fFLFBC 952 $a457.003 BOT 1 (suppl.2) BIS$bs.i.$fFLFBC 952 $a457.003 BOT 1 (suppl.2) TER$bs.i.$fFLFBC 959 $aFLFBC 996 $aAtlante linguistico etnografico italiano della Corsica$9835849 997 $aUNINA LEADER 00849nam0-22003011i-450- 001 990007511710403321 005 20051003133145.0 035 $a000751171 035 $aFED01000751171 035 $a(Aleph)000751171FED01 035 $a000751171 100 $a20030814d1936----km-y0itay50------ba 101 0 $aita 102 $aIT 200 1 $a<>Appennino modenese e zone circonvicine$fSilvio Govi 205 $a2. ed. 210 $aRoma$cFormiggini$d1936 215 $aVIII, 350 p.$cill., 1 c. geogr. ripieg. col.$d21 cm 610 0 $aAppennino 610 0 $aEmilia Romagna$aModena 700 1$aGovi,$bSilvio$06496 801 0$aIT$bUNINA$gRICA$2UNIMARC 901 $aBK 912 $a990007511710403321 952 $aD'-02-050$bIst.6096$fILFGE 959 $aILFGE 996 $aAppennino modenese e zone circonvicine$9683395 997 $aUNINA LEADER 00919nam a2200253 i 4500 001 991001495169707536 005 20020502180232.0 008 960112s1991 ||| ||| | ||| 035 $ab10856511-39ule_inst 035 $aLE02370057$9ExL 040 $aDip.to Studi Storici$bita 082 0 $a387.5 100 1 $aAnselmi, Sergio$023759 245 10$aAdriatico :$bstudi di storia secoli 14.-19. /$cSergio Anselmi 260 $aAncona :$bClua edizioni,$c1991 300 $a453 p. :$bill. ;$c24 cm. 650 4$aPaesi Adriatici$xEconomia marittima$ySec.14.-19. 650 4$aCommercio - Mare Adriatico$ySec. 14.-19. 907 $a.b10856511$b21-09-06$c28-06-02 912 $a991001495169707536 945 $aLE023 387.5 ANS 1 1$g1$i2023000028698$lle023$o-$pE0.00$q-$rl$s- $t0$u3$v1$w3$x0$y.i10966699$z28-06-02 996 $aAdriatico$965794 997 $aUNISALENTO 998 $ale023$b01-01-96$cm$da $e-$feng$gxx $h0$i1